Estadísticas para Ciudades Capitales más Remotos

Haz click aquí para intentar la prueba.

Estadísticas generales

  • Esta prueba ha sido intentada 1.226 veces
  • La puntuación promedio es 10 de 21

Estadísticas de respuestas

DistanciaMás cercanoCapital% Correcto
2,324 kmWellingtonCanberra
90%
2,324 kmCanberraWellington
83%
1,463 kmAsunciónBrasilia
73%
1,138 kmBuenos AiresSantiago
72%
1,152 kmSeúlTokio
72%
1,493 kmDublinReikiavik
71%
1,167 kmPekínUlán Bator
62%
1,163 kmTaipeiManila
57%
1,076 kmLa PazLima
53%
1,059 kmCiudad de GuatemalaCiudad de México
52%
1,396 kmHoniaraPort Moresby
43%
1,076 kmLimaLa Paz
42%
1,163 kmManilaTaipéi
37%
1,343 kmMogadiscioVictoria
32%
1,277 kmYarenPalikir
31%
1,073 kmSuvaPort Vila
31%
1,903 kmBandar Seri BegawanDili
30%
1,073 kmSuvaFunafuti
30%
1,253 kmYarenHoniara
28%
1,684 kmManilaNgerulmud
23%
1,263 kmManilaBandar Seri
Begawan
16%

Distribución de puntuación

Porcentaje por número respondido

Porcentaje de gente con cada puntuación

Historial de tus puntuaciones

No has intentado esta prueba.